A history of western astrology / (Record no. 123222)
[ view plain ]
| 000 -LEADER | |
|---|---|
| fixed length control field | 00820cam a2200277 a 4500 |
| 001 - CONTROL NUMBER | |
| control field | 4461967 |
| 003 - CONTROL NUMBER IDENTIFIER | |
| control field | ARRUPE |
| 005 - DATE AND TIME OF LATEST TRANSACTION | |
| control field | 20150904105639.0 |
| 008 - FIXED-LENGTH DATA ELEMENTS--GENERAL INFORMATION | |
| fixed length control field | 870930s1987 enka b 001 0 eng |
| 010 ## - LIBRARY OF CONGRESS CONTROL NUMBER | |
| LC control number | 86024503 |
| 020 ## - INTERNATIONAL STANDARD BOOK NUMBER | |
| International Standard Book Number | 0851154468 : |
| 035 ## - SYSTEM CONTROL NUMBER | |
| System control number | (OCoLC)14272163 |
| 035 ## - SYSTEM CONTROL NUMBER | |
| System control number | (OCoLC)ocm14272163 |
| 035 ## - SYSTEM CONTROL NUMBER | |
| System control number | (NNC)4461967 |
| 040 ## - CATALOGING SOURCE | |
| Modifying agency | NBuU |
| Transcribing agency | Arrupe |
| 050 0# - LIBRARY OF CONGRESS CALL NUMBER | |
| Classification number | BF1671 |
| Item number | .T37 1987 |
| 090 ## - LOCALLY ASSIGNED LC-TYPE CALL NUMBER (OCLC); LOCAL CALL NUMBER (OCLC) | |
| Classification number (OCLC) (R) ; Classification number, CALL (RLIN) (NR) | BF1671 |
| Local cutter number (OCLC) ; Book number/undivided call number, CALL (RLIN) | .T37 1987 |
| 300 ## - PHYSICAL DESCRIPTION | |
| Other physical details | ill. ; |
| Dimensions | 24 cm. |
| 100 1# - MAIN ENTRY--PERSONAL NAME | |
| Personal name | Tester, S. J. |
| Fuller form of name | (S. Jim) |
| 9 (RLIN) | 19283 |
| 245 12 - TITLE STATEMENT | |
| Title | A history of western astrology / |
| Statement of responsibility, etc | S.J. Tester. |
| 260 ## - PUBLICATION, DISTRIBUTION, ETC. (IMPRINT) | |
| Place of publication, distribution, etc | Woodbridge, Suffolk ; |
| -- | Wolfeboro, N.H. : |
| Name of publisher, distributor, etc | Boydell Press, |
| Date of publication, distribution, etc | 1987. |
| 300 ## - PHYSICAL DESCRIPTION | |
| Extent | viii, 256 p. : |
| 504 ## - BIBLIOGRAPHY, ETC. NOTE | |
| Bibliography, etc | Includes bibliographical references and index. |
| 650 #0 - SUBJECT ADDED ENTRY--TOPICAL TERM | |
| Topical term or geographic name as entry element | Astrology |
| General subdivision | History. |
| 9 (RLIN) | 19284 |
| 942 ## - ADDED ENTRY ELEMENTS (KOHA) | |
| Source of classification or shelving scheme | Library of Congress Classification |
| Koha item type | Monograph ( Printed materials) |
| Withdrawn status | Lost status | Source of classification or shelving scheme | Damaged status | Not for loan | Collection code | Home library | Current library | Shelving location | Date acquired | Total Checkouts | Full call number | Barcode | Date last seen | Price effective from | Koha item type |
|---|---|---|---|---|---|---|---|---|---|---|---|---|---|---|---|
| Library of Congress Classification | Main Collection | ARRUPE LIBRARY | ARRUPE LIBRARY | Main Collection | 04/09/2015 | BF1671 .T343 1987 | 46500004041 | 12/09/2016 | 04/09/2015 | Monograph ( Printed materials) |